| 000 | 00653nam a22002057a 4500 | ||
|---|---|---|---|
| 999 |
_c18188 _d18188 |
||
| 003 | AR-CdUCM | ||
| 008 | 190513b ||||| |||| 00| 0 spa d | ||
| 040 |
_aMUNICIPALIDAD PROVINCIAL DEL CUSCO _cBIBLIOTECA MUNICIPAL DEL CUSCO |
||
| 082 |
_a373.4 / _bL54 |
||
| 100 |
_aLevine, Samuel _938641 |
||
| 245 |
_aIntroducción a la investigación : _bcurso programado / |
||
| 260 |
_aBuenos Aires : _bAngel Estrada y Cía, _c1974. |
||
| 300 |
_a272 páginas ; _c19 cm. |
||
| 505 | _aContenido: Metodología. | ||
| 650 |
_aMetodología _92264 |
||
| 650 |
_aInvestigación _91940 |
||
| 650 |
_aSiglo XX _98 |
||
| 942 |
_2ddc _cLIBROS |
||
| 945 |
_adavv _d2019-05-13 |
||